1304 1524 1420 1849 1988 1707 1502 1390 1291 1842 1523 1024 1615 1087 1122 1423 1776 1344 1936 1350 1586 1979 1792 1282 1101 1225 1196 1014 1847 1438 1591 1395 1809 1563 1932 1667 1971 1605 1012 1845 1011 1740 1321 1019 1856 1136 1319 1814 1271 1872 1290 1720 1182 1022 1212 1310 1938 1432 1804 1426 1909 1105 1094 1355 1297 1568 1765 1848 1612 1143 1737 1048 1502 1934 1933 1965 1923 1069 1991 1382 1651 1875 1238 1363 1591 1675 1959 1002 1204 1767 1295 1979 1802 1234 1472 1079 1567 1539 1676 BCNSPRNW ULIB Ver.6.0+V

เปลี่ยนเป็นภาษาไทย

Change to English
 แสดงรายละเอียดบรรณานุกรม
  กลับหน้าหลัก

Brief Record : Get Marc (ISO 2709) : E-mail record : QR code < ปิดหน้าต่าง
LEADER : 00000nam 2200000uu 4500
001    13399113181
003     ULIB
008    110930s2552||||th 000 0 tha d
020    9789749749937
050 04 QA76.5^bณ342ค 2552
100 0  ณัฐภูมิ โอภาภิบาล
245 10 คู่มือเลือกซื้อและใช้ Notebook อย่างมืออาชีพ /^cณัฐภูมิ โอภาภิบาล
250    พิมพ์ครั้งที่ 1
260    กรุงเทพฯ :^bไอดีซี อินโฟ ดิสทริบิวเตอร์ เซ็นเตอร์,^c2552
300    xxii, 500 หน้า :^bภาพประกอบ ;^c23 ซม. +^eซีดี-รอม 1 แผ่น (4 3/4 นิ้ว)
505 2  รู้จักโน้ตบุ๊ค -- อุปกรณ์ของโน้ตบุ๊ค -- เข้าใจแพลตฟอร์มของโน้ตบุ๊ค -- ซีพียู-- ชิปเซตและแรม -- ชิปกราฟิก -- ชิปแลนไร้สาย -- ฮาร์ดดิสก์และไดรว์ CD/DVD -- แบตเตอรี่ของโน้ตบุ๊ค -- อุปกรณ์เสริมน่าใช้งาน -- ยี่ห้อและรุ่นของโน้ตบุ๊คชั้นนำ -- เตรียมตัวก่อนซื้อโน้ตบุ๊ค -- ตรวจสอบเครื่อง -- เริ่มใช้คีย์บอร์ดและทัชแพ็ด -- สร้างแผ่นกู้ระบบ -- ล้างเครื่องลง Windows ด้วยตัวเอง -- จัดการพลังงานของโน้ตบุ๊ค -- เชื่อมต่ออินเทอร์เน็ต-- เชื่อมต่ออุปกรณ์อื่น -- โปรแกรมที่แถมมากับโน้ตบุ๊ค -- ดูแลรักษาโน้ตบุ๊ค -- แก้ปัญหาโน้ตบุ๊คเบื้องต้น -- รวมสเปคโน้ตบุ๊ค
650  7 โน้ตบุ๊คคอมพิวเตอร์
945    ^p219^l0^i027339
995    ทศพร
999 ^a ศิริพร
รายการนี้ยังไม่มีแท็ก
คุณยังไม่ได้ล็อกอิน คุณสามารถมีกิจกรรมร่วมกับเว็บไซต์ได้ แต่ต้องล็อกอินก่อน ::
  ล็อกอิน

รายการสื่อสารสนเทศ

ลำดับที่ ประเภท เลขเรียก/บาร์โค้ด สถานที่ สถานะ
- ไม่พบข้อมูล -

รายการใกล้เคียง
    ผู้แต่ง [ณัฐภูมิ โอภาภิบาล]

BibComment


ยังไม่เคยถูกคอมเมนท์

คอมเมนท์ทรัพยากรรายการนี้
  คอมเมนท์: คู่มือเลือกซื้อแล..


 Copyright 2026. Bcnsprnw @Library